| Tag |
First Indicator |
Second Indicator |
Subfields |
| LEADER |
00000cam a2200000 4500 |
| 001 |
in00000032527 |
| 005 |
20151007061804.0 |
| 008 |
800311r19021864vau 00000 eng |
| 010 |
|
|
|a 05034599
|
| 035 |
|
|
|a (OCoLC)06067683
|
| 035 |
|
|
|9 AAD3076AM
|
| 040 |
|
|
|a DLC
|c VIC
|d TXA
|d UtOrBLW
|
| 049 |
|
|
|a TXAM
|c [450273]
|
| 050 |
|
0 |
|a E650
|b .A74
|
| 092 |
|
|
|a 811.08
|b A741
|
| 245 |
0 |
4 |
|a The Army songster /
|c Dedicated to the Army of Northern Virginia.
|
| 264 |
|
1 |
|a Richmond, Va. :
|b G.L. Bidgood,
|c 1864 :
|c [1902]
|
| 264 |
|
3 |
|a Richmond, Va. :
|b [Reprinted by J.W. Fergusson & son],
|
| 300 |
|
|
|a 72 pages ;
|c 15 cm.
|
| 336 |
|
|
|a text
|b txt
|2 rdacontent
|
| 337 |
|
|
|a unmediated
|b n
|2 rdamedia
|
| 338 |
|
|
|a volume
|b nc
|2 rdacarrier
|
| 500 |
|
|
|a Title vignette.
|
| 651 |
|
0 |
|a United States
|x History
|y Civil War, 1861-1865
|v Poetry.
|
| 700 |
1 |
|
|a Bidgood, George L.
|
| 999 |
|
|
|a MARS
|
| 999 |
f |
f |
|s 257622f4-a3ce-3875-a969-c33ad62b0ef7
|i ef345ed3-e0a7-3dd0-be93-56e6bff6aeca
|t 0
|
| 952 |
f |
f |
|p ric
|a Texas A&M University
|b Rellis Campus
|c Joint Library Facility
|d Remote Storage
|t 0
|e E650 .A74
|h Library of Congress classification
|i unmediated -- volume
|m A14801221965
|
| 998 |
f |
f |
|a E650 .A74
|t 0
|l Remote Storage
|